[Event "Chigorin Memorial 2018"]
[Site "St. Petersburg"]
[Date "2018.10.31"]
[Round "5.112"]
[White "Kruglikov, Alexander"]
[Black "Atakishiev, Emil"]
[Result "0-1"]
[WhiteElo "2003"]
[BlackElo "1658"]
[PlyCount "61"]
[EventDate "2018.10.27"]
[EventType "swiss"]
[EventCountry "RUS"]
[WhiteTeam "Russland"]
[BlackTeam "Russland"]
[WhiteTeamCountry "RUS"]
[BlackTeamCountry "RUS"]

1. e4 e6 2. d4 d5 3. Nd2 c5 4. dxc5 Bxc5 5. Nb3 Bb6 6. exd5 exd5 7. Nf3 Nf6 8. Bg5 O-O 9. Nbd4 Re8+ 10. Be2 Nc6 11. Nxc6 bxc6 12. O-O h6 13. Bh4 g5 14. Bg3 Ne4 15. Nd2 Nxg3 16. hxg3 Qf6 17. Bd3 Qxb2 18. Qh5 Bxf2+ 19. Rxf2 Qxa1+ 20. Rf1 Qg7 21. Nf3 c5 22. Bb5 Re4 23. g4 Bxg4 24. Qh2 Rf4 25. Rd1 Qf6 26. Rxd5 c4 27. Qg3 Bxf3 28. gxf3 Rxf3 29. Qg2 Qb6+ 30. Kh1 Qe3 31. Bd7 0-1

[Event "Chigorin Memorial 2018"]
[Site "St. Petersburg"]
[Date "2018.10.31"]
[Round "5.113"]
[White "Myslevsky, Fedor"]
[Black "Popovich, Alexey"]
[Result "0-1"]
[WhiteElo "1617"]
[BlackElo "1984"]
[PlyCount "108"]
[EventDate "2018.10.27"]
[EventType "swiss"]
[EventCountry "RUS"]
[WhiteTeam "Russland"]
[BlackTeam "Russland"]
[WhiteTeamCountry "RUS"]
[BlackTeamCountry "RUS"]

1. e4 c5 2. Nf3 d6 3. d4 cxd4 4. Nxd4 Nf6 5. Nc3 g6 6. Be3 Bg7 7. f3 O-O 8. Qd2 Nc6 9. O-O-O d5 10. Nxc6 bxc6 11. exd5 Nxd5 12. Nxd5 cxd5 13. Qxd5 Qc7 14. Qc5 Qb7 15. Qa3 Bf5 16. Bd3 Rab8 17. b3 Bxd3 18. Rxd3 Rfc8 19. Bd4 Qc7 20. c4 Qf4+ 21. Be3 Qe5 22. Rhd1 Qa1+ 23. Kd2 Qe5 24. Ke2 Qxh2 25. Kf1 Bf6 26. Qa5 Kg7 27. Bg1 Qh1 28. Rd8 h5 29. Rxc8 Rxc8 30. Qxa7 h4 31. Qd7 Ra8 32. Rd2 e6 33. Qc7 e5 34. Qd7 Rd8 35. Qxd8 Bxd8 36. Rxd8 h3 37. gxh3 Qxf3+ 38. Ke1 Qh1 39. Kf2 Qxh3 40. Rd2 f5 41. c5 f4 42. Ke1 e4 43. c6 e3 44. Rc2 Qh1 45. c7 f3 46. Kf1 e2+ 47. Rxe2 fxe2+ 48. Kxe2 Qe4+ 49. Kd1 Qd3+ 50. Kc1 Qc3+ 51. Kb1 Qxc7 52. Bd4+ Kf7 53. Kb2 g5 54. a4 Ke6 0-1

[Event "Chigorin Memorial 2018"]
[Site "St. Petersburg"]
[Date "2018.10.31"]
[Round "5.114"]
[White "Vetokhina, Sofia"]
[Black "Ter-Saakian, Grigorii"]
[Result "0-1"]
[WhiteElo "1595"]
[BlackElo "1982"]
[PlyCount "94"]
[EventDate "2018.10.27"]
[EventType "swiss"]
[EventCountry "RUS"]
[WhiteTeam "Russland"]
[BlackTeam "Russland"]
[WhiteTeamCountry "RUS"]
[BlackTeamCountry "RUS"]

1. d4 Nf6 2. c4 c5 3. d5 b5 4. cxb5 a6 5. b6 d6 6. Nc3 Nbd7 7. e4 g6 8. a4 a5 9. Bb5 Bg7 10. Nge2 O-O 11. O-O Nxb6 12. Qd3 Bd7 13. Ra2 Ne8 14. f4 Nc7 15. Be3 Bxb5 16. Nxb5 Na6 17. Bd2 Nb4 18. Bxb4 axb4 19. b3 Nd7 20. Ng3 Bh6 21. Qe2 Nf6 22. Raa1 Bg7 23. Rad1 Nd7 24. Nh1 Qb6 25. Nf2 Rfb8 26. Qc4 Ra5 27. Nd3 Rxb5 28. axb5 Qxb5 29. Qc2 Bd4+ 30. Kh1 Ra8 31. Rfe1 Nf6 32. h3 Ra3 33. g4 Qa5 34. Re2 Kg7 35. Rb1 Qa8 36. Nf2 h6 37. Rd1 Qb7 38. Rb1 Qa6 39. Nd3 Qa8 40. Nf2 e6 41. dxe6 fxe6 42. Rbe1 Ra1 43. Rxa1 Qxa1+ 44. Kh2 g5 45. fxg5 hxg5 46. Qc4 Qf1 47. Qc2 Be5# 0-1

[Event "Chigorin Memorial 2018"]
[Site "St. Petersburg"]
[Date "2018.10.31"]
[Round "5.115"]
[White "Mustafazade, Fikrat"]
[Black "Pestryakov, Nikita"]
[Result "0-1"]
[WhiteElo "1404"]
[BlackElo "1959"]
[PlyCount "104"]
[EventDate "2018.10.27"]
[EventType "swiss"]
[EventCountry "RUS"]
[WhiteTeam "Aserbeidschan"]
[BlackTeam "Russland"]
[WhiteTeamCountry "AZE"]
[BlackTeamCountry "RUS"]

1. d4 d5 2. c4 e6 3. cxd5 exd5 4. Nc3 c6 5. Nf3 Bd6 6. Bg5 Nf6 7. e3 O-O 8. Bd3 Nbd7 9. Qc2 Re8 10. Bxh7+ Kh8 11. Bf5 Nf8 12. h4 Bxf5 13. Qxf5 Qd7 14. Qxd7 N8xd7 15. Bxf6 Nxf6 16. Ng5 Kg8 17. O-O-O a5 18. Rde1 a4 19. f3 Bg3 20. Re2 Nh5 21. f4 g6 22. Rh3 b5 23. Kd1 b4 24. Nb1 Re7 25. Nd2 Rae8 26. Nf1 Bxf4 27. g4 Nf6 28. Rf3 Bxg5 29. hxg5 Ne4 30. Rc2 Re6 31. Rf4 Nxg5 32. Rc5 Ra8 33. Nd2 a3 34. b3 Rae8 35. Nf1 Ne4 36. Rc2 Nc3+ 37. Ke1 Re4 38. Rf6 R8e6 39. Rxe6 fxe6 40. Kf2 Rxg4 41. Ng3 Kg7 42. Kf3 Rh4 43. Rg2 Rh8 44. Kf4 Rf8+ 45. Kg4 Nd1 46. Re2 Rf2 47. Rxf2 Nxf2+ 48. Kf3 Nd1 49. Ne2 Nc3 50. Nc1 Kf6 51. Kf4 g5+ 52. Kg4 Kg6 0-1

[Event "Chigorin Memorial 2018"]
[Site "St. Petersburg"]
[Date "2018.10.31"]
[Round "5.116"]
[White "Prokopchuk, Yury"]
[Black "Bodnaruk, Kseniya"]
[Result "1-0"]
[WhiteElo "2275"]
[BlackElo "1777"]
[PlyCount "57"]
[EventDate "2018.10.27"]
[EventType "swiss"]
[EventCountry "RUS"]
[WhiteTeam "Russland"]
[BlackTeam "Russland"]
[WhiteTeamCountry "RUS"]
[BlackTeamCountry "RUS"]

1. d4 d5 2. Bf4 Nf6 3. e3 e6 4. Bd3 Be7 5. Nd2 O-O 6. Ngf3 c5 7. c3 Nc6 8. Ne5 Bd6 9. Bg3 c4 10. Bc2 Bxe5 11. dxe5 Nd7 12. Nf3 f6 13. exf6 Nxf6 14. O-O Qe7 15. Bh4 Bd7 16. e4 Qc5 17. e5 Ng4 18. Bxh7+ Kh8 19. Bc2 Kg8 20. Re1 Nh6 21. Ng5 d4 22. Bh7+ Kh8 23. Qh5 d3 24. Bxd3 Be8 25. Bg6 Nxe5 26. Bxe8 Raxe8 27. Rxe5 Qd6 28. Qg6 Qd3 29. Re4 1-0

[Event "Chigorin Memorial 2018"]
[Site "St. Petersburg"]
[Date "2018.10.31"]
[Round "5.117"]
[White "Semenova, Anastasia"]
[Black "Aleksandrov, Danila"]
[Result "0-1"]
[WhiteElo "1769"]
[BlackElo "2229"]
[PlyCount "52"]
[EventDate "2018.10.27"]
[EventType "swiss"]
[EventCountry "RUS"]
[WhiteTeam "Russland"]
[BlackTeam "Russland"]
[WhiteTeamCountry "RUS"]
[BlackTeamCountry "RUS"]

1. e4 c5 2. c3 d5 3. exd5 Qxd5 4. d4 cxd4 5. cxd4 e5 6. Nc3 Qxd4 7. Qxd4 exd4 8. Nb5 Na6 9. Bf4 Bb4+ 10. Kd1 Nf6 11. a3 Be7 12. Nd6+ Bxd6 13. Bxd6 Ne4 14. Bb5+ Bd7 15. Bxd7+ Kxd7 16. Bg3 Nac5 17. Rc1 Rac8 18. Nf3 Nb3 19. Rc2 f6 20. Ne1 Nec5 21. Bf4 Rhe8 22. f3 a5 23. g4 b5 24. h4 d3 25. Rc3 b4 26. Rc4 Na4 0-1

[Event "Chigorin Memorial 2018"]
[Site "St. Petersburg"]
[Date "2018.10.31"]
[Round "5.118"]
[White "Khlopushin, Dmitriy"]
[Black "Loktionov, Kirill"]
[Result "1-0"]
[WhiteElo "2072"]
[BlackElo "1776"]
[PlyCount "69"]
[EventDate "2018.10.27"]
[EventType "swiss"]
[EventCountry "RUS"]
[WhiteTeam "Russland"]
[BlackTeam "Russland"]
[WhiteTeamCountry "RUS"]
[BlackTeamCountry "RUS"]

1. e4 c5 2. c3 e6 3. d4 cxd4 4. cxd4 d5 5. e5 Nc6 6. Nf3 f6 7. Bd3 fxe5 8. dxe5 g6 9. O-O Bg7 10. Re1 Nge7 11. Nc3 O-O 12. Bg5 a6 13. Rc1 b5 14. Nxb5 Nxe5 15. Nxe5 Bxe5 16. Rxe5 axb5 17. a3 Qd6 18. Re1 Bd7 19. h4 Nc6 20. Bxb5 Rab8 21. Bxc6 Bxc6 22. Qe2 Bd7 23. b4 d4 24. Rcd1 Rf5 25. Qe4 e5 26. Rc1 d3 27. Red1 Bb5 28. Be3 Rd8 29. Rc5 Ba4 30. Rd2 Qe6 31. Rxd3 Rxd3 32. Qxd3 Bb3 33. Bh6 Ba4 34. b5 Qe8 35. Qc4+ 1-0

[Event "Chigorin Memorial 2018"]
[Site "St. Petersburg"]
[Date "2018.10.31"]
[Round "5.119"]
[White "Sapegin, Yaroslav"]
[Black "Vorobieva, Varvara"]
[Result "0-1"]
[WhiteElo "2046"]
[BlackElo "1760"]
[PlyCount "96"]
[EventDate "2018.10.27"]
[EventType "swiss"]
[EventCountry "RUS"]
[WhiteTeam "Russland"]
[BlackTeam "Russland"]
[WhiteTeamCountry "RUS"]
[BlackTeamCountry "RUS"]

1. d4 d5 2. c4 e6 3. Nf3 Nf6 4. g3 Be7 5. Bg2 O-O 6. O-O c6 7. Qc2 Nbd7 8. Bf4 c5 9. Nc3 a6 10. cxd5 Nxd5 11. Nxd5 exd5 12. Rfd1 c4 13. b3 Nb6 14. bxc4 Nxc4 15. Ne5 Nb6 16. Nxf7 Rxf7 17. Bc7 Bf5 18. e4 Qc8 19. Rac1 Bg4 20. f3 Nc4 21. fxg4 Qxc7 22. exd5 Rc8 23. d6 Qxd6 24. Bxb7 Rc7 25. Be4 Bg5 26. Rb1 g6 27. Qd3 Ne3 28. Re1 Nc2 29. Red1 Kg7 30. d5 Na3 31. Rb2 Nc4 32. Re2 Qc5+ 33. Kh1 Ne3 34. Rde1 Nxg4 35. Qxa6 Nf2+ 36. Kg2 Nxe4 37. Rxe4 Qxd5 38. Qe6 Rc2+ 39. Kh3 Qxe6+ 40. Rxe6 Rff2 41. Rh1 Rxa2 42. Rd6 h5 43. Rd3 Rg2 44. Rd4 Bf6 45. Re4 Rgf2 46. Re3 g5 47. g4 h4 48. Rd3 Be5 0-1

[Event "Chigorin Memorial 2018"]
[Site "St. Petersburg"]
[Date "2018.10.31"]
[Round "5.120"]
[White "Pogorelskikh, Sofia"]
[Black "Serov, Aleksandr"]
[Result "1-0"]
[WhiteElo "2041"]
[BlackElo "1688"]
[PlyCount "79"]
[EventDate "2018.10.27"]
[EventType "swiss"]
[EventCountry "RUS"]
[WhiteTeam "Russland"]
[BlackTeam "Russland"]
[WhiteTeamCountry "RUS"]
[BlackTeamCountry "RUS"]

1. e4 c6 2. d4 d5 3. Nc3 dxe4 4. Nxe4 Nd7 5. Bd3 Ngf6 6. Nf3 Nxe4 7. Bxe4 Nf6 8. Bd3 Bg4 9. Be3 g6 10. h3 Bf5 11. Bxf5 Qa5+ 12. c3 Qxf5 13. Qb3 Qc8 14. Bf4 Bg7 15. O-O O-O 16. Rfe1 Nd5 17. Bg3 Re8 18. Rad1 e6 19. Ne5 Nb6 20. a4 Bxe5 21. dxe5 Rd8 22. Rxd8+ Qxd8 23. a5 Qd5 24. Qb4 c5 25. Qg4 Nd7 26. Rd1 Qc6 27. Rd6 Qc7 28. Qa4 Nf8 29. Bh4 h6 30. Bf6 Rc8 31. Qh4 h5 32. Qg5 Kh7 33. Bd8 Qb8 34. g4 b6 35. gxh5 bxa5 36. hxg6+ Nxg6 37. Bf6 Qxb2 38. Qh5+ Kg8 39. Qh6 Qc1+ 40. Qxc1 1-0

[Event "Chigorin Memorial 2018"]
[Site "St. Petersburg"]
[Date "2018.10.31"]
[Round "5.121"]
[White "Patel, Palak"]
[Black "Levicheva, Ekaterina"]
[Result "0-1"]
[WhiteElo "1672"]
[BlackElo "2004"]
[PlyCount "84"]
[EventDate "2018.10.27"]
[EventType "swiss"]
[EventCountry "RUS"]
[WhiteTeam "Indien"]
[BlackTeam "Russland"]
[WhiteTeamCountry "IND"]
[BlackTeamCountry "RUS"]

1. Nf3 Nf6 2. g3 g6 3. Bg2 Bg7 4. O-O O-O 5. d4 d6 6. c4 Nbd7 7. Nc3 e5 8. d5 a5 9. e4 Nc5 10. Qc2 Ne8 11. Bg5 f6 12. Be3 f5 13. Qd2 Qe7 14. exf5 gxf5 15. Bh6 f4 16. Bg5 Qf7 17. Rae1 h6 18. Bh4 Bf5 19. gxf4 Bd3 20. fxe5 Bxf1 21. Kxf1 Qh5 22. Bg3 Rxf3 23. e6 Rd3 24. Qc2 Bxc3 25. bxc3 Nf6 26. h3 Qg5 27. Kg1 Rd2 28. Qb1 Nh5 29. Re3 Kg7 30. h4 Qg6 31. Qb5 Rd1+ 32. Kh2 Nf6 33. Rf3 Rb1 34. Qxc5 Ng4+ 35. Kh3 dxc5 36. Rf7+ Kg8 37. Rf4 Nf6 38. Bf3 h5 39. Bg2 Rf8 40. a4 Re1 41. Rf3 Ne4 42. Rxf8+ Kxf8 0-1

[Event "Chigorin Memorial 2018"]
[Site "St. Petersburg"]
[Date "2018.10.31"]
[Round "5.122"]
[White "Kirchei, Viktoriia"]
[Black "Shemyakinskiy, Nikita"]
[Result "1-0"]
[WhiteElo "2002"]
[BlackElo "1655"]
[PlyCount "195"]
[EventDate "2018.10.27"]
[EventType "swiss"]
[EventCountry "RUS"]
[WhiteTeam "Russland"]
[BlackTeam "Russland"]
[WhiteTeamCountry "RUS"]
[BlackTeamCountry "RUS"]

1. e4 e5 2. Nf3 Nf6 3. Nc3 Bb4 4. Nxe5 O-O 5. Nd3 Bxc3 6. dxc3 Nxe4 7. Be2 d5 8. Nf4 c6 9. O-O Nd7 10. Be3 Ndf6 11. f3 Nd6 12. Bd3 Re8 13. Bf2 Bf5 14. Bxf5 Nxf5 15. Qd3 Ne7 16. Rad1 Ng6 17. Nxg6 hxg6 18. c4 Qc8 19. Rfe1 dxc4 20. Qxc4 Rxe1+ 21. Rxe1 Qd7 22. Qd4 Qxd4 23. Bxd4 b6 24. Bxf6 gxf6 25. Re7 Rd8 26. Kf2 Rd2+ 27. Re2 Rd7 28. Re8+ Kg7 29. Ke2 f5 30. Rc8 Re7+ 31. Kd2 Rd7+ 32. Kc3 c5 33. Re8 Kf6 34. Re2 Rd6 35. h4 Rd8 36. g3 Rh8 37. f4 Rd8 38. a3 Rd4 39. b4 Re4 40. Rd2 cxb4+ 41. axb4 Ke7 42. b5 Re6 43. Rd5 Re3+ 44. Rd3 Re6 45. Kb4 Rd6 46. Re3+ Kd7 47. Ra3 Rd4+ 48. c4 Ke8 49. Rxa7 Rd3 50. Ra3 Rxa3 51. Kxa3 Ke7 52. Kb4 Kd6 53. Kc3 Kc7 54. Kd3 Kd7 55. Ke3 Ke7 56. Kd4 Kd6 57. Kc3 Kc7 58. Kb4 Kd6 59. c5+ bxc5+ 60. Ka5 Kc7 61. b6+ Kb7 62. Kb5 c4 63. Kxc4 Kxb6 64. Kd5 Kc7 65. Ke5 Kd7 66. Kf6 Ke8 67. h5 gxh5 68. Kg5 Ke7 69. Kxf5 Kf8 70. Kg5 Kg7 71. Kxh5 f6 72. Kg4 Kg6 73. Kf3 Kf5 74. g4+ Kg6 75. Ke3 Kf7 76. Ke4 Ke6 77. Ke3 Ke7 78. Kd3 Kd7 79. Kc3 Kc7 80. Kb4 Kd6 81. Kc4 Kc6 82. Kd3 Kd5 83. Ke3 Ke6 84. Kf2 Kf7 85. Kf3 Ke6 86. Ke2 Kf7 87. Kd3 Ke6 88. Kc4 Kd6 89. Kd4 Ke7 90. Kd5 Kd7 91. f5 Ke7 92. Kc6 Ke8 93. Kd6 Kf7 94. Kd7 Kg8 95. Ke6 Kg7 96. Ke7 Kh6 97. Kxf6 Kh7 98. Ke7 1-0

[Event "Chigorin Memorial 2018"]
[Site "St. Petersburg"]
[Date "2018.10.31"]
[Round "5.123"]
[White "Archelkov, Arseniy"]
[Black "Yudkevich, Mikhail"]
[Result "1/2-1/2"]
[WhiteElo "1657"]
[BlackElo "1993"]
[PlyCount "89"]
[EventDate "2018.10.27"]
[EventType "swiss"]
[EventCountry "RUS"]
[WhiteTeam "Kasachstan"]
[BlackTeam "Russland"]
[WhiteTeamCountry "KAZ"]
[BlackTeamCountry "RUS"]

1. e4 e6 2. d4 d5 3. Nc3 Bb4 4. e5 c5 5. a3 Bxc3+ 6. bxc3 Ne7 7. a4 Nbc6 8. Nf3 Qa5 9. Bd2 h6 10. h4 Bd7 11. h5 O-O-O 12. c4 Qc7 13. c3 dxc4 14. Bxc4 Na5 15. Bb5 c4 16. O-O Nd5 17. Qc2 a6 18. Bxd7+ Rxd7 19. Rfb1 Qc6 20. Bc1 g5 21. Nd2 Nf4 22. f3 Nb3 23. Nxb3 cxb3 24. Rxb3 Rxd4 25. a5 Rd7 26. c4 Qc5+ 27. Kh1 Qxe5 28. Bb2 Rd4 29. Rb1 Nxh5 30. Bxd4 Qxd4 31. Rxb7 Ng3+ 32. Kh2 Nf1+ 33. Rxf1 Kxb7 34. g3 Rc8 35. Qb1+ Ka7 36. Rd1 Qc5 37. Qe4 Rc7 38. Rd8 Rb7 39. Kh3 h5 40. Qd4 Qxd4 41. Rxd4 f5 42. f4 gxf4 43. gxf4 Rc7 44. Kh4 Kb7 45. Kxh5 1/2-1/2

[Event "Chigorin Memorial 2018"]
[Site "St. Petersburg"]
[Date "2018.10.31"]
[Round "5.124"]
[White "Yun, Vyacheslav"]
[Black "Zakharov, Yuri"]
[Result "1-0"]
[WhiteElo "1931"]
[BlackElo "1650"]
[PlyCount "67"]
[EventDate "2018.10.27"]
[EventType "swiss"]
[EventCountry "RUS"]
[WhiteTeam "Russland"]
[BlackTeam "Russland"]
[WhiteTeamCountry "RUS"]
[BlackTeamCountry "RUS"]

1. e4 e5 2. Nf3 Nc6 3. Bb5 a6 4. Ba4 Nf6 5. O-O Be7 6. Re1 b5 7. Bb3 d6 8. c3 Na5 9. Bc2 c5 10. d4 Qc7 11. h3 O-O 12. Nbd2 cxd4 13. cxd4 Bb7 14. d5 g6 15. Nf1 Nh5 16. Bd3 Nf4 17. Bxf4 exf4 18. Rc1 Qd8 19. b4 Nc4 20. Bxc4 bxc4 21. Rxc4 Bf6 22. Qc1 g5 23. N1d2 Rc8 24. Nb3 Qb6 25. Nbd4 Rxc4 26. Qxc4 Rc8 27. Qd3 a5 28. b5 a4 29. Nc6 Re8 30. e5 dxe5 31. Qf5 Kg7 32. Nxg5 Bxg5 33. Qxg5+ Kf8 34. Qh6+ 1-0

[Event "Chigorin Memorial 2018"]
[Site "St. Petersburg"]
[Date "2018.10.31"]
[Round "5.125"]
[White "Grishaev, Igor"]
[Black "Cherneyko, Ivan"]
[Result "1-0"]
[WhiteElo "1893"]
[BlackElo "1628"]
[PlyCount "73"]
[EventDate "2018.10.27"]
[EventType "swiss"]
[EventCountry "RUS"]
[WhiteTeam "Russland"]
[BlackTeam "Russland"]
[WhiteTeamCountry "RUS"]
[BlackTeamCountry "RUS"]

1. d4 Nf6 2. c4 e6 3. Nf3 b6 4. Nc3 Ba6 5. e3 Bb7 6. Bd3 Bb4 7. O-O O-O 8. Ne2 Be7 9. Ng3 d5 10. Bd2 Na6 11. Bc3 Ne4 12. Bxe4 dxe4 13. Nd2 f5 14. f3 Bg5 15. Qe2 Bxe3+ 16. Qxe3 f4 17. Qe1 fxg3 18. Qxg3 exf3 19. d5 Qe7 20. Nxf3 Rf5 21. Rae1 Nc5 22. b4 Na4 23. Rxe6 Qf7 24. Ba1 Rf8 25. Rfe1 g5 26. Re7 Qg6 27. Qxc7 R5f7 28. Qxb7 g4 29. Rxf7 Rxf7 30. Re8+ Rf8 31. Rxf8+ Kxf8 32. Qb8+ Ke7 33. Qe5+ Kd7 34. Nd2 Qd3 35. Qe6+ Kd8 36. Bf6+ Kc7 37. Qc6+ 1-0

[Event "Chigorin Memorial 2018"]
[Site "St. Petersburg"]
[Date "2018.10.31"]
[Round "5.126"]
[White "Tsarkov, Mikhail"]
[Black "Dushin, Nikolay"]
[Result "1-0"]
[WhiteElo "1650"]
[BlackElo "1881"]
[PlyCount "65"]
[EventDate "2018.10.27"]
[EventType "swiss"]
[EventCountry "RUS"]
[WhiteTeam "Russland"]
[BlackTeam "Russland"]
[WhiteTeamCountry "RUS"]
[BlackTeamCountry "RUS"]

1. d4 g6 2. Nf3 Bg7 3. Bf4 d6 4. e3 Nd7 5. h3 c5 6. c3 Qb6 7. Qb3 Ngf6 8. Nbd2 Qxb3 9. axb3 cxd4 10. exd4 Nd5 11. Bg3 a6 12. Bd3 Bh6 13. O-O Nf4 14. Bxf4 Bxf4 15. Rfe1 Rb8 16. Nc4 Kd8 17. Re4 Bh6 18. Rh4 Bg7 19. Ng5 Ke8 20. Rxh7 Rxh7 21. Nxh7 Bh6 22. Re1 Kd8 23. h4 Nf8 24. Nxf8 Bxf8 25. f3 b5 26. Na5 Kc7 27. Be4 Bd7 28. b4 e6 29. g3 Be7 30. d5 Rb6 31. dxe6 Bxe6 32. Bxg6 d5 33. Bxf7 1-0

[Event "Chigorin Memorial 2018"]
[Site "St. Petersburg"]
[Date "2018.10.31"]
[Round "5.127"]
[White "Lekhtonen, Yaroslav"]
[Black "Ponomarev, Denis"]
[Result "1-0"]
[WhiteElo "1639"]
[BlackElo "1879"]
[PlyCount "63"]
[EventDate "2018.10.27"]
[EventType "swiss"]
[EventCountry "RUS"]
[WhiteTeam "Russland"]
[BlackTeam "Russland"]
[WhiteTeamCountry "RUS"]
[BlackTeamCountry "RUS"]

1. d4 Nf6 2. c4 g6 3. Nc3 d5 4. cxd5 Nxd5 5. e4 Nxc3 6. bxc3 Bg7 7. Nf3 c5 8. Be3 O-O 9. Rc1 Qa5 10. Qd2 Nc6 11. d5 Ne5 12. Nxe5 Bxe5 13. Be2 Qa4 14. c4 b6 15. O-O f5 16. d6 Bb7 17. dxe7 Rf7 18. exf5 Re8 19. Bd1 Qc6 20. Bf3 Qc7 21. Bxb7 Qxb7 22. fxg6 hxg6 23. Bg5 Bd4 24. Rce1 Rf5 25. h4 Qc7 26. Qc2 Qg3 27. Re6 Kf7 28. Qe2 Kg7 29. Rc6 Rxg5 30. hxg5 Rh8 31. e8=N+ Kf8 32. Rf6+ 1-0

[Event "Chigorin Memorial 2018"]
[Site "St. Petersburg"]
[Date "2018.10.31"]
[Round "5.128"]
[White "Petrova, Anzhelika"]
[Black "Titievskaya, Elizaveta"]
[Result "0-1"]
[WhiteElo "1445"]
[BlackElo "1878"]
[PlyCount "76"]
[EventDate "2018.10.27"]
[EventType "swiss"]
[EventCountry "RUS"]
[WhiteTeam "Russland"]
[BlackTeam "Russland"]
[WhiteTeamCountry "RUS"]
[BlackTeamCountry "RUS"]

1. d4 Nf6 2. c4 g6 3. Nc3 d5 4. Nf3 Bg7 5. Qb3 dxc4 6. Qxc4 O-O 7. Bf4 Na6 8. e4 c5 9. Rd1 cxd4 10. Nxd4 Qa5 11. Nb3 Qb4 12. a3 Qxc4 13. Bxc4 Nh5 14. Bg5 Re8 15. Bb5 Be6 16. Nd4 Bxd4 17. Rxd4 Rec8 18. Bxe7 Nc7 19. Bc4 Nf4 20. O-O Bxc4 21. Rxc4 b5 22. Rc6 a6 23. Rd1 Nce6 24. Rxc8+ Rxc8 25. g3 Nh5 26. Rd6 a5 27. Nxb5 Rc2 28. b4 axb4 29. axb4 Rb2 30. Rc6 Kg7 31. Nc7 Nd4 32. Ne8+ Kh6 33. Bf8+ Kg5 34. Rc5+ f5 35. exf5 gxf5 36. h4+ Kg4 37. Rc4 Kh3 38. f4 Nf3+ 0-1

[Event "Chigorin Memorial 2018"]
[Site "St. Petersburg"]
[Date "2018.10.31"]
[Round "5.129"]
[White "Bunin, Serafim"]
[Black "Isfandiyarli, Kamal"]
[Result "1-0"]
[WhiteElo "1876"]
[BlackElo "1597"]
[PlyCount "87"]
[EventDate "2018.10.27"]
[EventType "swiss"]
[EventCountry "RUS"]
[WhiteTeam "Russland"]
[BlackTeam "Aserbeidschan"]
[WhiteTeamCountry "RUS"]
[BlackTeamCountry "AZE"]

1. e4 c5 2. Nc3 e6 3. g3 d5 4. exd5 exd5 5. d3 Nf6 6. Bg2 Be7 7. Bg5 Be6 8. Nge2 h6 9. Bxf6 Bxf6 10. O-O O-O 11. Nf4 Bxc3 12. bxc3 Nc6 13. Re1 Qd6 14. Qh5 Rad8 15. Re2 Qd7 16. Nxe6 fxe6 17. Bh3 Rde8 18. Rae1 Rf6 19. Qg4 Nd8 20. f4 Ref8 21. Re5 Qf7 22. Qe2 d4 23. c4 Kh8 24. Rxc5 Qg6 25. Qh5 Qh7 26. Bg2 Rf5 27. Rxf5 Rxf5 28. Qe8+ Qg8 29. Qxg8+ Kxg8 30. Re4 Nc6 31. Rxe6 Ra5 32. Bxc6 bxc6 33. Rxc6 Rxa2 34. Kf2 Rxc2+ 35. Kf3 a5 36. Ra6 Ra2 37. Ke4 Kf7 38. Kxd4 a4 39. Kc5 g5 40. Rxh6 gxf4 41. gxf4 a3 42. Ra6 Ra1 43. Kb4 Rb1+ 44. Kc3 1-0

[Event "Chigorin Memorial 2018"]
[Site "St. Petersburg"]
[Date "2018.10.31"]
[Round "5.130"]
[White "Gutsulyak, Nikolay"]
[Black "Laukhina, Margarita A."]
[Result "1/2-1/2"]
[WhiteElo "1861"]
[BlackElo "1555"]
[PlyCount "98"]
[EventDate "2018.10.27"]
[EventType "swiss"]
[EventCountry "RUS"]
[WhiteTeam "Russland"]
[BlackTeam "Russland"]
[WhiteTeamCountry "RUS"]
[BlackTeamCountry "RUS"]

1. e4 e6 2. Nc3 d5 3. Nf3 Nf6 4. e5 Nfd7 5. d4 c5 6. Bg5 Qb6 7. dxc5 Bxc5 8. Qd2 Bxf2+ 9. Qxf2 Qxb2 10. Kd2 Qxa1 11. Bb5 Qxh1 12. Qc5 Qxg2+ 13. Kc1 Qxg5+ 14. Nxg5 Nc6 15. Bxc6 bxc6 16. Qxc6 Rb8 17. Nxd5 exd5 18. e6 O-O 19. exd7 Bb7 20. Qd6 a5 21. Qe7 Bc6 22. Ne6 fxe6 23. Qxe6+ Rf7 24. Qxc6 Rd8 25. Qe6 Kf8 26. Qxd5 Rfxd7 27. Qf5+ Kg8 28. h4 Rd1+ 29. Kb2 R1d5 30. Qe6+ Kf8 31. Kb3 Rb5+ 32. Kc4 Rb4+ 33. Kc5 Rxh4 34. Qf5+ Kg8 35. c4 Rhd4 36. Kb6 a4 37. c5 Rb4+ 38. Kc7 Rdb8 39. c6 g6 40. Qd5+ Kg7 41. Kd7 R8b5 42. Qd6 Rc4 43. Ke8 Re4+ 44. Kd8 Rc4 45. Ke8 Re4+ 46. Kd8 Rc4 47. Ke8 Re4+ 48. Kd8 Rc4 49. Ke8 Re4+ 1/2-1/2

[Event "Chigorin Memorial 2018"]
[Site "St. Petersburg"]
[Date "2018.10.31"]
[Round "5.131"]
[White "Lozovoi, Georgy"]
[Black "Khodko, Yurii N."]
[Result "1/2-1/2"]
[WhiteElo "1315"]
[BlackElo "1858"]
[PlyCount "121"]
[EventDate "2018.10.27"]
[EventType "swiss"]
[EventCountry "RUS"]
[WhiteTeam "Russland"]
[BlackTeam "Russland"]
[WhiteTeamCountry "RUS"]
[BlackTeamCountry "RUS"]

1. e4 c5 2. Nf3 d6 3. d4 cxd4 4. Nxd4 Nf6 5. Nc3 a6 6. Be3 e5 7. Nb3 Be6 8. Be2 Be7 9. h3 Nbd7 10. Qd2 b5 11. Bf3 Qc7 12. Rc1 Rc8 13. a3 Nb6 14. Bxb6 Qxb6 15. Ne2 O-O 16. O-O h6 17. Rfd1 Nd7 18. Rb1 f5 19. exf5 Bxf5 20. Bd5+ Kh8 21. Nc3 Bg5 22. Qe2 Bg6 23. Be4 Rxf2 24. Nd5 Rxe2+ 25. Nxb6 Nxb6 26. Bxg6 d5 27. Kf1 Re3 28. Rd3 Rxd3 29. cxd3 Rc6 30. Be8 Re6 31. Bh5 g6 32. Bg4 Rc6 33. Re1 Bf4 34. Bd1 Kg7 35. Re2 Nd7 36. Rc2 Rxc2 37. Bxc2 Nb6 38. Nc5 Bc1 39. b4 Bxa3 40. Nxa6 Kf6 41. Ke2 Ke6 42. Nc7+ Kd7 43. Nxb5 Bxb4 44. Kf3 Bd6 45. Nc3 Bb4 46. Ne2 Kd6 47. Ke3 Be1 48. Bb3 Nd7 49. Bc2 d4+ 50. Kf3 Nc5 51. Nc1 Na6 52. Bb1 Bd2 53. Ne2 Nb4 54. Ng3 Be1 55. Ne4+ Kc6 56. Nf6 Bh4 57. Ng4 Kd6 58. Nxh6 Bf6 59. Ke4 Nd5 60. Bc2 Ne3 61. Bb3 1/2-1/2

[Event "Chigorin Memorial 2018"]
[Site "St. Petersburg"]
[Date "2018.10.31"]
[Round "5.132"]
[White "Bulsoev, Alexander"]
[Black "Pradeep, Pandya"]
[Result "0-1"]
[WhiteElo "1828"]
[BlackElo "1537"]
[PlyCount "108"]
[EventDate "2018.10.27"]
[EventType "swiss"]
[EventCountry "RUS"]
[WhiteTeam "Russland"]
[BlackTeam "Indien"]
[WhiteTeamCountry "RUS"]
[BlackTeamCountry "IND"]

1. e4 e5 2. Nf3 Nf6 3. Nxe5 d6 4. Nf3 Nxe4 5. d4 d5 6. Bd3 Be7 7. O-O O-O 8. c4 Be6 9. cxd5 Bxd5 10. Nc3 Nxc3 11. bxc3 Nc6 12. Re1 Bf6 13. Bf4 Ne7 14. Be5 Ng6 15. c4 Bxf3 16. Qxf3 Bxe5 17. dxe5 c6 18. Qe3 Re8 19. f4 Qh4 20. g3 Qh6 21. Qf2 b6 22. Rad1 Rad8 23. Be4 Ne7 24. Qc2 Kf8 25. Rd3 Rxd3 26. Qxd3 Qe6 27. Rd1 g6 28. Qc2 Nc8 29. Bf3 Qe7 30. Kg2 Qc5 31. Qd3 Ne7 32. g4 h5 33. h3 h4 34. Rd2 g5 35. e6 Ng6 36. Qc3 Nxf4+ 37. Kh2 Nxe6 38. Qf6 Qe3 39. Rd7 Qf4+ 40. Qxf4 Nxf4 41. Rxa7 c5 42. Ra3 Rd8 43. Bd5 Nxd5 44. Rd3 Ke7 45. cxd5 Rd6 46. a4 Rf6 47. Kg2 Kd6 48. Rd2 c4 49. Rd1 Kc5 50. Rb1 c3 51. d6 Rxd6 52. Kf2 Kc4 53. Ke2 c2 54. Rf1 Rd1 0-1